Hữu Mai toàn tập (Trọn bộ 7 tập) Trọn bộ 7 tập Tiểu thuyết T.1
محفوظ في:
| التنسيق: | كتاب |
|---|---|
| اللغة: | Vietnamese |
| منشور في: |
Hà Nội
Văn học
2018
|
| الموضوعات: | |
| الوسوم: |
إضافة وسم
لا توجد وسوم, كن أول من يضع وسما على هذه التسجيلة!
|
| Thư viện lưu trữ: | Trung tâm Học liệu Lê Vũ Hùng, Trường Đại học Đồng Tháp |
|---|
| LEADER | 00795pam a22002298a 4500 | ||
|---|---|---|---|
| 001 | 00043482 | ||
| 005 | 20190105140135.0 | ||
| 008 | 110813s2004 ||||||viesd | ||
| 020 | # | # | |a 978 604 969 676 3 |c 0 |
| 041 | 0 | # | |a vie |
| 082 | 1 | # | |a 895.922 334 |b H566M |
| 245 | 0 | 0 | |b Trọn bộ 7 tập |p Tiểu thuyết |a Hữu Mai toàn tập (Trọn bộ 7 tập) |n T.1 |
| 260 | # | # | |a Hà Nội |b Văn học |c 2018 |
| 300 | # | # | |a 734 tr. |c 21 cm. |b tranh vẽ |
| 653 | # | # | |a Tiểu thuyết |
| 653 | # | # | |a Văn học hiện đại |
| 653 | # | # | |a Tác giả |
| 653 | # | # | |a Tác phẩm |
| 653 | # | # | |a Việt Nam |
| 852 | # | # | |j KM.0027590 |j KM.0027588 |j KD.0025873 |j KM.0027589 |
| 910 | # | # | |d 5/1/2019 |
| 980 | # | # | |a Trung tâm Học liệu Lê Vũ Hùng, Trường Đại học Đồng Tháp |